Industrial relations and labour laws (Record no. 396312)

MARC details
000 -LEADER
fixed length control field 00565 a2200205 4500
005 - DATE & TIME
control field 20260227094856.0
008 - FIXED-LENGTH DATA ELEMENTS--GENERAL INFORMATION
fixed length control field 260225b |||||||| |||| 00| 0 eng d
020 ## - ISBN
International Standard Book Number 9789370631038
Price Rs. 825.00
040 ## - CATALOGING SOURCE
Original cataloging agency VIVEKANANDA LIBRARY
082 ## - DDC NUMBER
Classification number 347.7
Book Number S38I
100 ## - MAIN ENTRY--PERSONAL NAME
Personal name Srivastava, S C
245 ## - TITLE STATEMENT
Title Industrial relations and labour laws
250 ## - EDITION STATEMENT
Edition statement 9th
260 ## - PUBLICATION, DISTRIBUTION, ETC. (IMPRINT)
Name of publisher, distributor, etc Vikash Publishing
Date of publication, distribution, etc 2026
Place of publication, distribution, etc Noida
300 ## - PHYSICAL DESCRIPTION
Pages xlix, 797
650 ## - Subject
Subject Industrial Relations-India
650 ## - Subject
Subject Labour Unions-Law
650 ## - Subject
Subject lndustrial Disputes-Law and Legisation-India
942 ## - ADDED ENTRY ELEMENTS (KOHA)
Koha item type Books
Holdings
Withdrawn status Lost status Source of classification or shelving scheme Damaged status Not for loan Location (home branch) Sublocation or collection (holding branch) Shelving location Date acquired Koha issues (times borrowed) Koha full call number Accession No. Koha date last seen Koha item type
    Dewey Decimal Classification     VIVEKANANDA LIBRARY VIVEKANANDA LIBRARY Law Library 19/02/2026   347.7 S38I 377958 19/02/2026 Books
    Dewey Decimal Classification     VIVEKANANDA LIBRARY VIVEKANANDA LIBRARY Law Library 19/02/2026   347.7 S38I 377957 19/02/2026 Books
    Dewey Decimal Classification     VIVEKANANDA LIBRARY VIVEKANANDA LIBRARY Law Library 19/02/2026 1 347.7 S38I 377959 13/04/2026 Books
    Dewey Decimal Classification     VIVEKANANDA LIBRARY VIVEKANANDA LIBRARY Law Library 19/02/2026   347.7 S38I 377955 19/02/2026 Books
    Dewey Decimal Classification     VIVEKANANDA LIBRARY VIVEKANANDA LIBRARY Law Library 19/02/2026   347.7 S38I 377956 19/02/2026 Books
    Dewey Decimal Classification     VIVEKANANDA LIBRARY VIVEKANANDA LIBRARY Law Library 25/02/2026   347.7 S38I 3777959 25/02/2026 Books
© Designed and Maintained by Vivekananda Library, MDU Rohtak